000 003760000a22001690004500
005 20120302060008.0
942 _cBOOK
245 _a Vyaktivikaasaasaathee Vidyaavrata
260 _aPune:Dnyaan Prabodhinee,1993.
300 _a112p.
040 _aMAR
365 _b25/-
650 _aShikshan
650 _aVyakteevikaas
650 _aSanskaar
650 _aLekha-Vikaas
999 _c349946
_d349943